[Event "FRM-chT (Women)"]
[Site "Ohrid"]
[Date "2023.08.31"]
[Round "6.3"]
[White "Cokreva, Gordana"]
[Black "Stojkovska, Monika"]
[Result "0-1"]
[WhiteElo "1776"]
[BlackElo "2019"]
[PlyCount "82"]
[EventDate "2023.08.26"]
[EventType "team-tourn"]
[EventRounds "7"]
[EventCountry "MKD"]
[SourceTitle "EXT 2024"]
[Source "ChessBase"]
[SourceDate "2023.10.10"]
[SourceVersion "1"]
[SourceVersionDate "2023.10.10"]
[SourceQuality "1"]

1. e4 c5 2. Nc3 Nc6 3. g3 g6 4. Bg2 Bg7 5. d3 d6 6. Nge2 Rb8 7. 0-0 b5 8. Nd5 e6 9. Ndf4 b4 10. Rb1 Nge7 11. h4 0-0 12. h5 g5 13. Nh3 h6 14. f4 g4 15. Nf2 f5 16. Kh2 Qe8 17. Rh1 Qxh5+ 18. Kg1 Qe8 19. b3 Nd4 20. Nxd4 cxd4 21. Bd2 Bd7 22. Qe1 Nc6 23. exf5 exf5 24. Qxe8 Rfxe8 25. Bd5+ Kh7 26. Re1 Rxe1+ 27. Bxe1 Re8 28. Kf1 a5 29. Bd2 Ne7 30. Bb7 d5 31. Kg2 Rb8 32. Re1 Bf6 33. Rxe7+ Bxe7 34. Bxd5 Rc8 35. Bc4 Kg6 36. Nd1 Bc6+ 37. Kf2 Bf3 38. Nb2 h5 39. Na4 h4 40. gxh4 Bxh4+ 41. Kg1 Bg3 0-1

[Event "FRM-chT (Women)"]
[Site "Ohrid"]
[Date "2023.08.28"]
[Round "3.3"]
[White "Stojkovska, Monika"]
[Black "Lazarevska, Ana"]
[Result "1-0"]
[WhiteElo "2019"]
[BlackElo "1300"]
[PlyCount "101"]
[EventDate "2023.08.26"]
[EventType "team-tourn"]
[EventRounds "7"]
[EventCountry "MKD"]
[SourceTitle "EXT 2024"]
[Source "ChessBase"]
[SourceDate "2023.10.10"]
[SourceVersion "1"]
[SourceVersionDate "2023.10.10"]
[SourceQuality "1"]

1. e4 e5 2. Nf3 Nc6 3. Nc3 Nf6 4. Bb5 d6 5. d4 exd4 6. Nxd4 Bd7 7. Bxc6 bxc6 8. Qf3 c5 9. Nf5 Bxf5 10. exf5 Be7 11. g4 Nd7 12. Bf4 Rb8 13. 0-0-0 0-0 14. h4 Qc8 15. g5 Qb7 16. Qxb7 Rxb7 17. Rhe1 Ne5 18. Bxe5 dxe5 19. Rxe5 Bd6 20. Re4 Rb4 21. f6 Rxe4 22. Nxe4 Rd8 23. c3 h6 24. Kc2 hxg5 25. hxg5 gxf6 26. gxf6 Re8 27. f3 Re6 28. Rg1+ Kf8 29. Rg5 a6 30. Kd3 Ke8 31. Kc4 Kd7 32. Kd5 c6+ 33. Kc4 Ke8 34. Rf5 Kf8 35. Rh5 Kg8 36. a4 a5 37. Nxd6 Rxd6 38. Rxc5 Rxf6 39. Rxa5 Rxf3 40. Ra8+ Kg7 41. a5 Rf5 42. b4 Rf1 43. a6 Ra1 44. Kc5 Rc1 45. c4 Ra1 46. Kxc6 Ra4 47. Kb5 Ra1 48. Rd8 f5 49. Kb6 Ra4 50. b5 Rxc4 51. a7 1-0

[Event "FRM-chT2 (Women)"]
[Site "Struga"]
[Date "2023.07.01"]
[Round "3.1"]
[White "Stojkovska, Monika"]
[Black "Peycheva, Gergana"]
[Result "1/2-1/2"]
[WhiteElo "2087"]
[BlackElo "2218"]
[PlyCount "149"]
[EventDate "2023.06.30"]
[EventType "team-tourn"]
[EventRounds "7"]
[EventCountry "MKD"]
[SourceTitle "EXT 2024"]
[Source "ChessBase"]
[SourceDate "2023.10.10"]
[SourceVersion "1"]
[SourceVersionDate "2023.10.10"]
[SourceQuality "1"]

1. d4 d5 2. c4 dxc4 3. Nc3 c6 4. Nf3 Nf6 5. g3 b5 6. Bg2 Bb7 7. Ne5 Qc8 8. 0-0 e6 9. a4 Nbd7 10. f4 Be7 11. e4 0-0 12. Nxd7 Qxd7 13. e5 Ne8 14. Be3 a6 15. g4 f6 16. f5 Nc7 17. Be4 fxe5 18. fxe6 Nxe6 19. dxe5 Qxd1 20. Raxd1 Bc5 21. Rfe1 b4 22. Bf5 Bxe3+ 23. Rxe3 Nf4 24. Ne4 Nd5 25. Rh3 g6 26. Be6+ Kg7 27. Nf6 Nxf6 28. exf6+ Kxf6 29. Bxc4 Rad8 30. Re1 Rd7 31. Rf3+ Kg7 32. Rfe3 Rf4 33. Be6 Re7 34. Kg2 c5+ 35. Kg3 g5 36. Bf5 Rf3+ 37. Rxf3 Rxe1 38. Rd3 Bc6 39. Rd6 Bxa4 40. Rxa6 Be8 41. Ra7+ Bf7 42. Kf2 Re5 43. Bd3 Kf6 44. Ra6+ Re6 45. Ra5 Rc6 46. Bxh7 Be6 47. Be4 Rc7 48. h3 b3 49. Rb5 Ra7 50. Rxc5 Ra2 51. Ke3 Rxb2 52. Rc6 Ke7 53. Kd4 Rh2 54. Ke5 Bd7 55. Rh6 b2 56. Rb6 Re2 57. Rb7 Kd8 58. Rb8+ Kc7 59. Rb7+ Kc8 60. Rb6 Ba4 61. Kd4 Bc2 62. Bxc2 Rxc2 63. Ke5 Kc7 64. Rb3 Rf2 65. Kd5 Kd7 66. Rb7+ Kc8 67. Rb4 Kc7 68. Rb3 Re2 69. Rb4 Rd2+ 70. Ke5 Kc6 71. Kf6 Kc5 72. Rb3 Rd6+ 73. Kxg5 Rb6 74. Rxb2 Rxb2 75. Kf6 1/2-1/2

[Event "FRM-chT (Women)"]
[Site "Struga"]
[Date "2022.10.16"]
[Round "3.3"]
[White "Veleva, Teodora"]
[Black "Stojkovska, Monika"]
[Result "0-1"]
[WhiteElo "1297"]
[BlackElo "2050"]
[PlyCount "90"]
[EventDate "2022.10.14"]
[EventType "team-tourn"]
[EventRounds "7"]
[EventCountry "MKD"]
[SourceTitle "CBM 210 Extra"]
[Source "ChessBase"]
[SourceDate "2022.11.30"]
[SourceVersion "1"]
[SourceVersionDate "2022.11.30"]
[SourceQuality "1"]
[WhiteTeam "Negotino (W)"]
[BlackTeam "Skopje Alkaloid (W)"]
[WhiteTeamCountry "MKD"]
[BlackTeamCountry "MKD"]

1. Nf3 Nf6 2. d4 e6 3. c4 b6 4. Nc3 Bb7 5. e3 Bb4 6. Bd2 0-0 7. Bd3 Bxc3 8. Bxc3 Ne4 9. Qc2 f5 10. Be2 a5 11. 0-0 d6 12. Rad1 Nd7 13. Nd2 Qg5 14. f4 Qg6 15. Bf3 Ndf6 16. Nxe4 Bxe4 17. Bxe4 Nxe4 18. d5 Rae8 19. dxe6 Qxe6 20. Be1 Rf6 21. b3 Rh6 22. Qe2 Nf6 23. Bf2 Ng4 24. h3 Nxe3 25. Qxe3 Qxe3 26. Bxe3 Rxe3 27. Kf2 Re4 28. Kf3 Rhe6 29. g3 a4 30. Rd3 Kf7 31. h4 g6 32. Kg2 Re3 33. Rxe3 Rxe3 34. Rf3 Re2+ 35. Rf2 Rxf2+ 36. Kxf2 axb3 37. axb3 Ke6 38. Ke3 d5 39. Kd3 dxc4+ 40. bxc4 h5 41. Kc3 Kd6 42. Kd4 c5+ 43. Kd3 Kc6 44. Kc3 b5 45. cxb5+ Kxb5 0-1

[Event "Olympiad Women-44"]
[Site "Chennai"]
[Date "2022.08.06"]
[Round "8.1"]
[White "Stojkovska, Monika"]
[Black "Yakubbaeva, Nilufar"]
[Result "1-0"]
[WhiteElo "2091"]
[BlackElo "2299"]
[PlyCount "107"]
[EventDate "2022.07.29"]
[EventType "team-swiss"]
[EventRounds "11"]
[EventCountry "IND"]
[SourceTitle "CBM 210"]
[Source "ChessBase"]
[SourceDate "2022.10.31"]
[SourceVersion "1"]
[SourceVersionDate "2022.10.31"]
[SourceQuality "1"]
[WhiteTeam "North Macedonia (W)"]
[BlackTeam "Uzbekistan (W)"]
[WhiteTeamCountry "MKD"]
[BlackTeamCountry "UZB"]

1. d4 Nf6 2. c4 e6 3. Nc3 Bb4 4. f3 d5 5. a3 Bxc3+ 6. bxc3 c5 7. cxd5 exd5 8. e3 0-0 9. Bd3 Nc6 10. Ne2 Re8 11. 0-0 Qc7 12. Re1 Bd7 13. Ng3 Rad8 14. Ra2 Na5 15. Rf2 cxd4 16. cxd4 Nc6 17. Bb2 Be6 18. Bb1 Qd6 19. e4 dxe4 20. fxe4 Ng4 21. Rd2 Qf4 22. Nf1 Na5 23. Qf3 Qh6 24. Rdd1 Nc4 25. Bc1 Qf6 26. Qxf6 Nxf6 27. h3 h6 28. Ng3 Rc8 29. Bd3 Nb6 30. d5 Bd7 31. Bb2 Ba4 32. Rc1 Nbd7 33. Rxc8 Rxc8 34. Rc1 Rxc1+ 35. Bxc1 Ne5 36. Bb1 Nfd7 37. Nf5 b5 38. Nd4 Nc5 39. Nc6 Nxc6 40. dxc6 Ne6 41. Ba2 b4 42. Bxe6 fxe6 43. c7 Bd7 44. axb4 Kf7 45. b5 Ke7 46. Ba3+ Kf6 47. Kf2 Bc8 48. Ke3 a6 49. b6 Bb7 50. Kd4 a5 51. e5+ Kf5 52. Kc5 Kxe5 53. Bb2+ Ke4 54. Kd6 1-0

[Event "FRM-ch (Women)"]
[Site "Skopje"]
[Date "2022.05.05"]
[Round "7"]
[White "Stojkovska, Monika"]
[Black "Ajradinoska, Indzi"]
[Result "1-0"]
[WhiteElo "2086"]
[BlackElo "1260"]
[PlyCount "43"]
[EventDate "2022.04.29"]
[EventType "swiss"]
[EventRounds "7"]
[EventCountry "MKD"]
[SourceTitle "EXT 2023"]
[Source "ChessBase"]
[SourceDate "2022.10.05"]
[SourceVersion "1"]
[SourceVersionDate "2022.10.05"]
[SourceQuality "1"]

1. e4 e6 2. d4 d5 3. Nd2 c5 4. exd5 Qxd5 5. Ngf3 cxd4 6. Bc4 Qd6 7. 0-0 Nf6 8. Nb3 Qc7 9. Qe2 Nc6 10. Nbxd4 Bd7 11. Nb5 Qd8 12. Bf4 Rc8 13. Nd6+ Bxd6 14. Bxd6 Qb6 15. Ba3 Na5 16. Ne5 Qc7 17. Bd3 Nd5 18. Rfe1 Ne7 19. Rad1 Rd8 20. Qf3 f6 21. Qh5+ g6 22. Nxg6 1-0

[Event "FRM-ch (Women)"]
[Site "Skopje"]
[Date "2022.04.30"]
[Round "2"]
[White "Petrovska, Katerina"]
[Black "Stojkovska, Monika"]
[Result "1-0"]
[WhiteElo "1880"]
[BlackElo "2086"]
[PlyCount "135"]
[EventDate "2022.04.29"]
[EventType "swiss"]
[EventRounds "7"]
[EventCountry "MKD"]
[SourceTitle "EXT 2023"]
[Source "ChessBase"]
[SourceDate "2022.10.05"]
[SourceVersion "1"]
[SourceVersionDate "2022.10.05"]
[SourceQuality "1"]

1. e4 c5 2. f4 Nc6 3. Nf3 g6 4. Nc3 Bg7 5. Bc4 e6 6. e5 d5 7. Bb5 a6 8. Bxc6+ bxc6 9. d3 Ne7 10. 0-0 Nf5 11. Na4 Qa5 12. c4 Bf8 13. b3 Be7 14. Qe1 Qb4 15. Bd2 Qb8 16. Qf2 Qa7 17. Ba5 Rb8 18. b4 d4 19. bxc5 Bxc5 20. Rab1 Rxb1 21. Rxb1 0-0 22. Nxc5 Qxc5 23. Bb6 Qa3 24. Nxd4 Qxd3 25. Rc1 Bd7 26. Qf3 Qxf3 27. Nxf3 Rb8 28. c5 Ne3 29. Rb1 Nd5 30. g3 Kf8 31. Nd2 Ke7 32. Rb3 h6 33. Nc4 f5 34. h4 g5 35. hxg5 hxg5 36. fxg5 Rg8 37. Ra3 Rxg5 38. Kf2 f4 39. gxf4 Nxf4 40. Rxa6 Nd3+ 41. Ke3 Nxe5 42. Nxe5 Rxe5+ 43. Kf4 Rf5+ 44. Ke4 e5 45. a4 Ke6 46. a5 Rf4+ 47. Ke3 Kd5 48. Ra8 Ra4 49. a6 Ra3+ 50. Kd2 Bf5 51. Rd8+ Kc4 52. a7 Ra2+ 53. Ke1 Ra1+ 54. Rd1 Ra2 55. Rd2 Ra1+ 56. Kf2 Bd3 57. Ke3 e4 58. Rh2 Kc3 59. Rh8 Re1+ 60. Kf4 Rf1+ 61. Ke5 Ra1 62. a8Q Rxa8 63. Rxa8 e3 64. Ba5+ Kc2 65. Kd6 Bb5 66. Re8 e2 67. Rc8 Kd1 68. Rxc6 1-0

[Event "EU-chT (Women) 23rd"]
[Site "Terme Catez"]
[Date "2021.11.18"]
[Round "6.1"]
[White "Atalik, Ekaterina"]
[Black "Stojkovska, Monika"]
[Result "1-0"]
[WhiteElo "2430"]
[BlackElo "2066"]
[PlyCount "75"]
[EventDate "2021.11.12"]
[EventType "team-swiss"]
[EventRounds "9"]
[EventCountry "SLO"]
[SourceTitle "CBM 205"]
[Source "ChessBase"]
[SourceDate "2021.12.31"]
[SourceVersion "1"]
[SourceVersionDate "2021.12.31"]
[SourceQuality "1"]
[WhiteTeam "Turkey (W)"]
[BlackTeam "North Macedonia (W)"]
[WhiteTeamCountry "TUR"]
[BlackTeamCountry "MKD"]

1. d4 Nf6 2. c4 e6 3. Nf3 b6 4. g3 Bb7 5. Bg2 Be7 6. 0-0 0-0 7. Re1 Na6 8. a3 d5 9. cxd5 Nxd5 10. e4 Nf6 11. Nc3 c5 12. d5 exd5 13. exd5 Re8 14. Ne5 Bd6 15. Nc4 Nc7 16. Bg5 Rxe1+ 17. Qxe1 h6 18. Bxf6 gxf6 19. Qe2 Ne8 20. Qh5 Bf8 21. Ne3 Bc8 22. Ng4 Bxg4 23. Qxg4+ Bg7 24. d6 Rb8 25. Rd1 b5 26. Ne4 f5 27. Qxf5 Bd4 28. Nxc5 Nxd6 29. Qg4+ Bg7 30. Nb7 Qc8 31. Qxc8+ Nxc8 32. Rd8+ Bf8 33. Nc5 Kg7 34. Rxf8 Kxf8 35. Nd7+ Ke7 36. Nxb8 Kd6 37. Nc6 f6 38. Kf1 1-0

[Event "FRM-chT (Women)"]
[Site "Skopje"]
[Date "2019.12.01"]
[Round "7.3"]
[White "Krasteva, Beloslava"]
[Black "Stojkovska, Monika"]
[Result "1/2-1/2"]
[WhiteElo "2286"]
[BlackElo "2108"]
[PlyCount "111"]
[EventDate "2019.09.28"]
[EventType "team-tourn"]
[EventRounds "7"]
[EventCountry "MKD"]
[SourceTitle "EXT 2021"]
[Source "ChessBase"]
[SourceDate "2020.10.23"]
[SourceVersion "1"]
[SourceVersionDate "2020.10.23"]
[SourceQuality "1"]
[WhiteTeam "Skopje Gambit Asseko (W)"]
[BlackTeam "Skopje Alkaloid (W)"]
[WhiteTeamCountry "MKD"]
[BlackTeamCountry "MKD"]

1. d4 e6 2. c4 Nf6 3. Nc3 Bb4 4. e3 0-0 5. Bd3 d5 6. cxd5 exd5 7. Nge2 Re8 8. Bd2 b6 9. 0-0 Nbd7 10. Rc1 Bf8 11. Nf4 Bb7 12. Qf3 c6 13. g4 Qe7 14. Qh3 c5 15. Ncxd5 Qd6 16. Nxf6+ Nxf6 17. Bc3 Ne4 18. Bxe4 Rxe4 19. Rcd1 cxd4 20. Bxd4 Rd8 21. Qg3 Re7 22. f3 Red7 23. Rc1 Qb4 24. Nd3 Qa4 25. Qf2 Ba6 26. b3 Qa3 27. Ne5 Bxf1 28. Qxf1 Rb7 29. Qc4 Bc5 30. Bxc5 Qxc5 31. Qxc5 bxc5 32. Rxc5 f6 33. Nc4 Rbd7 34. Kf2 Rd5 35. Rxd5 Rxd5 36. Ke2 Kf7 37. h4 h5 38. e4 Rd8 39. gxh5 Rh8 40. Nd6+ Kf8 41. Nb5 a5 42. a3 Rxh5 43. Nc3 Rxh4 44. b4 axb4 45. axb4 Ke7 46. Ke3 Kd6 47. Nb5+ Kc6 48. Nd4+ Kb6 49. Kd3 Rh8 50. Ke3 Rc8 51. Kd3 Rd8 52. Ke3 g5 53. Ne6 Rd1 54. Nd4 Rb1 55. Nf5 Rf1 56. Nd4 1/2-1/2

[Event "EU-chT (Women) 22nd"]
[Site "Batumi"]
[Date "2019.11.02"]
[Round "9.1"]
[White "Stojkovska, Monika"]
[Black "Golubenko, Valentina"]
[Result "1/2-1/2"]
[WhiteElo "2108"]
[BlackElo "2274"]
[PlyCount "80"]
[EventDate "2019.10.24"]
[EventType "team-swiss"]
[EventRounds "9"]
[EventCountry "GEO"]
[SourceTitle "CBM 192 Extra"]
[Source "Chessbase"]
[SourceDate "2019.11.06"]
[SourceVersion "1"]
[SourceVersionDate "2019.11.06"]
[SourceQuality "1"]
[WhiteTeam "Macedonia (W)"]
[BlackTeam "Croatia (W)"]
[WhiteTeamCountry "MKD"]
[BlackTeamCountry "CRO"]

1. e4 e6 2. d4 d5 3. Nd2 a6 4. Ngf3 c5 5. exd5 exd5 6. dxc5 Bxc5 7. Bd3 Nf6 8. Qe2+ Qe7 9. Qxe7+ Kxe7 10. h3 Nc6 11. c3 h6 12. 0-0 Re8 13. Nb3 Bb6 14. Re1+ Kf8 15. Rxe8+ Kxe8 16. Be3 Bxe3 17. Re1 b6 18. Rxe3+ Kf8 19. Nfd4 Nxd4 20. Nxd4 Bd7 21. Re5 b5 22. a3 Re8 23. Rxe8+ Nxe8 24. Nb3 Nc7 25. Nc5 Bc8 26. b4 Ke7 27. f4 g5 28. f5 Kf6 29. g4 Ke5 30. Nb3 h5 31. Kf2 hxg4 32. hxg4 Kf4 33. Be2 Ne8 34. Nc5 Nf6 35. Nd3+ Ke4 36. Nc5+ Kf4 37. Nd3+ Ke4 38. Ne1 Kf4 39. Nd3+ Ke4 40. Nc5+ Kf4 1/2-1/2

[Event "EU-chT (Women) 22nd"]
[Site "Batumi"]
[Date "2019.10.31"]
[Round "7.1"]
[White "Nazarova, Anastasia"]
[Black "Stojkovska, Monika"]
[Result "1-0"]
[WhiteElo "2147"]
[BlackElo "2108"]
[PlyCount "81"]
[EventDate "2019.10.24"]
[EventType "team-swiss"]
[EventRounds "9"]
[EventCountry "GEO"]
[SourceTitle "CBM 192 Extra"]
[Source "Chessbase"]
[SourceDate "2019.11.06"]
[SourceVersion "1"]
[SourceVersionDate "2019.11.06"]
[SourceQuality "1"]
[WhiteTeam "Finland (W)"]
[BlackTeam "Macedonia (W)"]
[WhiteTeamCountry "FIN"]
[BlackTeamCountry "MKD"]

1. e4 c5 2. Nf3 e6 3. d4 cxd4 4. Nxd4 Nc6 5. Nc3 Qc7 6. Be3 a6 7. Qf3 Nf6 8. 0-0-0 Ne5 9. Qg3 b5 10. f4 Neg4 11. Bg1 h5 12. Bd3 b4 13. Nce2 Bb7 14. h3 Nh6 15. Qe3 Bc5 16. e5 Nd5 17. Qd2 0-0 18. Ng3 h4 19. Ne4 Be7 20. Bf2 Rac8 21. Nb3 a5 22. Nbc5 Bc6 23. Rhg1 a4 24. g3 a3 25. b3 hxg3 26. Rxg3 Nf5 27. Rg4 Qa5 28. Rdg1 g6 29. h4 Nc3 30. h5 Nxa2+ 31. Kb1 Nc3+ 32. Ka1 Nxe4 33. Nxe4 Bxe4 34. Bxe4 d6 35. hxg6 dxe5 36. Bxf5 exf5 37. gxf7+ Kxf7 38. Rg7+ Ke8 39. Rxe7+ Kxe7 40. Bh4+ Ke8 41. Qd6 1-0

[Event "EU-chT (Women) 22nd"]
[Site "Batumi"]
[Date "2019.10.30"]
[Round "6.1"]
[White "Georgescu, Lena"]
[Black "Stojkovska, Monika"]
[Result "1-0"]
[WhiteElo "2271"]
[BlackElo "2108"]
[PlyCount "45"]
[EventDate "2019.10.24"]
[EventType "team-swiss"]
[EventRounds "9"]
[EventCountry "GEO"]
[SourceTitle "CBM 192 Extra"]
[Source "Chessbase"]
[SourceDate "2019.11.06"]
[SourceVersion "1"]
[SourceVersionDate "2019.11.06"]
[SourceQuality "1"]
[WhiteTeam "Switzerland (W)"]
[BlackTeam "Macedonia (W)"]
[WhiteTeamCountry "SUI"]
[BlackTeamCountry "MKD"]

1. e4 e6 2. d4 d5 3. Nc3 Bb4 4. e5 c5 5. a3 Bxc3+ 6. bxc3 Ne7 7. Qg4 0-0 8. Bd3 Qa5 9. Bd2 Nbc6 10. Nf3 f5 11. exf6 Rxf6 12. Qh5 Nf5 13. c4 Qa4 14. g4 dxc4 15. Be4 Ncxd4 16. gxf5 Nxc2+ 17. Kf1 c3 18. Bxc3 Qxe4 19. Bxf6 Qc4+ 20. Kg2 gxf6 21. Qe8+ Kg7 22. Qe7+ Kg8 23. Rhg1 1-0